000 00613nam a22001937a 4500
005 20251108172322.0
008 250721s2000 xx 000 0 ara d
082 1 4 _a915.4/شرا
100 1 _aشراب، محمد محمد حسن
245 1 0 _aمعجم أسماء المدن و القرى الفلسطينية /
264 1 _aعمان :
_bالأهلية للنشر و التوزيع،
_c2000.
300 _a237ص
650 1 7 _aفلسطين
650 1 7 _aالجغرافيا
650 1 7 _aالقرى الفلسطينية
650 1 7 _aالمدن الفلسطينية
942 _2ddc
_cBK
999 _c76082
_d76082